| Tag |
First Indicator |
Second Indicator |
Subfields |
| LEADER |
00000cam a2200000 a 4500 |
| 001 |
in00000577460 |
| 005 |
20151014073438.0 |
| 008 |
870306s1987 nyu 00010 eng d |
| 010 |
|
|
|z 83062935
|
| 035 |
|
|
|a (OCoLC)15279968
|
| 035 |
|
|
|9 ACP4488AM
|
| 040 |
|
|
|a DLA
|c DLA
|d TXA
|d UtOrBLW
|
| 043 |
|
|
|a n-us---
|
| 049 |
|
|
|a TXAM
|c [A10710109]
|
| 090 |
|
|
|a KF1424.Z9
|b E95 1987
|
| 245 |
0 |
0 |
|a Executive compensation, 1987 :
|b planning techniques and strategies /
|c Yale D. Tauber, chairman.
|
| 264 |
|
1 |
|a New York, N.Y. (810 Seventh Ave., New York 10019) :
|b Practising Law Institute,
|c 1987.
|
| 300 |
|
|
|a 544 pages ;
|c 21 cm.
|
| 336 |
|
|
|a text
|b txt
|2 rdacontent
|
| 337 |
|
|
|a unmediated
|b n
|2 rdamedia
|
| 338 |
|
|
|a volume
|b nc
|2 rdacarrier
|
| 490 |
1 |
|
|a Tax law and estate planning series
|
| 490 |
1 |
|
|a Tax law and practice course handbook series ;
|v no. 254
|
| 500 |
|
|
|a "J4-3597."
|
| 650 |
|
0 |
|a Executives
|x Pensions
|x Law and legislation
|z United States.
|
| 650 |
|
0 |
|a Executives
|x Taxation
|x Law and legislation
|z United States.
|
| 700 |
1 |
|
|a Tauber, Yale D.
|
| 710 |
2 |
|
|a Practising Law Institute.
|
| 830 |
|
0 |
|a Tax law and estate planning series.
|
| 830 |
|
0 |
|a Tax law and practice course handbook series ;
|v no. 254.
|
| 999 |
|
|
|a MARS
|
| 999 |
f |
f |
|s f2361f27-f691-3052-8d58-9412e36b7127
|i c0ec4249-e9dc-3556-8ded-de29e92746d8
|t 0
|
| 952 |
f |
f |
|p ric
|a Texas A&M University
|b Rellis Campus
|c Joint Library Facility
|d Remote Storage
|t 0
|e KF1424.Z9 E95 1987
|h Library of Congress classification
|i unmediated -- volume
|m A14810710109
|
| 998 |
f |
f |
|a KF1424.Z9 E95 1987
|t 0
|l Remote Storage
|